[Event "CZE-chT1 East 0506"]
[Site "Czech Republic"]
[Date "2005.12.11"]
[Round "4.5"]
[White "Senkyr, Vladimir"]
[Black "Zimniok, Lubomir"]
[Result "1/2-1/2"]
[WhiteElo "2170"]
[BlackElo "2094"]
[PlyCount "84"]
[EventDate "2005.10.23"]
[EventType "team"]
[EventRounds "11"]
[EventCountry "CZE"]
[SourceTitle "EXT 2008"]
[Source "ChessBase"]
[SourceDate "2007.11.25"]
[SourceVersion "1"]
[SourceVersionDate "2007.11.25"]
[SourceQuality "1"]

1. Nf3 Nf6 2. g3 g6 3. Bg2 Bg7 4. 0-0 d6 5. d4 0-0 6. b3 a5 7. Bb2 a4 8. c4 axb3 9. axb3 Rxa1 10. Bxa1 Na6 11. Ne1 c6 12. Nd3 Qc7 13. e3 Nd7 14. Nd2 e5 15. Bc3 exd4 16. Bxd4 Ne5 17. Qa1 f6 18. Nf4 Bf5 19. e4 Bg4 20. f3 Bd7 21. Rd1 g5 22. Nh5 Bh8 23. Nf1 Be8 24. g4 f5 25. Nfg3 fxg4 26. fxg4 Bg6 27. Nf5 Bxf5 28. exf5 Nc5 29. Qc3 Ncd7 30. h3 Ra8 31. Qd2 h6 32. Bc3 Nf7 33. Bxh8 Kxh8 34. Qd4+ Nde5 35. b4 Rd8 36. Ra1 Rf8 37. Ra7 Nd8 38. Ra1 c5 39. bxc5 Qxc5 40. Qxc5 dxc5 41. Bd5 Ndc6 42. Re1 Kh7 1/2-1/2

[Event "CZE-chT1 East 0506"]
[Site "Czech Republic"]
[Date "2005.11.27"]
[Round "3.4"]
[White "Senkyr, Vladimir"]
[Black "Smajzr, Martin"]
[Result "1/2-1/2"]
[WhiteElo "2170"]
[BlackElo "2154"]
[PlyCount "129"]
[EventDate "2005.10.23"]
[EventType "team"]
[EventRounds "11"]
[EventCountry "CZE"]
[SourceTitle "EXT 2008"]
[Source "ChessBase"]
[SourceDate "2007.11.25"]
[SourceVersion "1"]
[SourceVersionDate "2007.11.25"]
[SourceQuality "1"]

1. Nf3 Nf6 2. g3 g6 3. Bg2 Bg7 4. 0-0 0-0 5. d3 d5 6. Nbd2 Re8 7. c3 e5 8. e4 dxe4 9. dxe4 b6 10. Qc2 Bb7 11. Re1 Nbd7 12. a4 Nc5 13. Bf1 Nfd7 14. Bc4 Ba6 15. Bxa6 Nxa6 16. b4 Nf8 17. Nc4 h6 18. Qe2 Nb8 19. Ne3 Nbd7 20. Rd1 Qc8 21. Ra2 Nf6 22. Nd5 Nxd5 23. Rxd5 c6 24. Rd6 Qc7 25. Rad2 Rad8 26. Qd1 Rxd6 27. Rxd6 Re7 28. Be3 Rd7 29. Rxd7 Qxd7 30. Qxd7 Nxd7 31. Nd2 Bf8 32. Nb3 f6 33. Kf1 Kf7 34. Ke2 Ke6 35. Kd3 h5 36. a5 Bd6 37. f3 Bc7 38. axb6 axb6 39. c4 Nb8 40. b5 c5 41. h3 f5 42. exf5+ gxf5 43. g4 hxg4 44. hxg4 e4+ 45. fxe4 fxg4 46. Bh6 Nd7 47. Ke3 Ne5 48. Nd2 g3 49. Bg7 Nf7 50. Nf3 Be5 51. Bf8 Bd4+ 52. Nxd4+ cxd4+ 53. Kf3 Ne5+ 54. Kxg3 Nxc4 55. Kf3 Nd2+ 56. Kf4 Nb1 57. Bb4 Nc3 58. Bxc3 dxc3 59. Ke3 Ke5 60. Kd3 c2 61. Kxc2 Kxe4 62. Kc3 Kd5 63. Kd3 Kc5 64. Kc3 Kxb5 65. Kb3 1/2-1/2

[Event "CZE-chTV 0102"]
[Site "Czech Republic"]
[Date "2002.??.??"]
[Round "2"]
[White "Kacirek, Petr"]
[Black "Senkyr, Vladimir"]
[Result "1-0"]
[WhiteElo "2311"]
[BlackElo "2259"]
[PlyCount "49"]
[EventDate "2001.??.??"]
[EventType "team"]
[EventRounds "11"]
[EventCountry "CZE"]
[SourceTitle "EXT 2003"]
[Source "ChessBase"]
[SourceDate "2002.11.25"]
[SourceVersion "1"]
[SourceVersionDate "2002.11.25"]
[SourceQuality "1"]
[WhiteTeam "Rychnov nad Kneznou"]
[BlackTeam "Polabiny"]
[WhiteTeamCountry "CZE"]
[BlackTeamCountry "CZE"]

1. e4 c5 2. Ne2 Nf6 3. Nbc3 Nc6 4. g3 d5 5. exd5 Nd4 6. Bg2 Bg4 7. 0-0 Nxd5 8. f3 Bf5 9. d3 Nb4 10. Nxd4 cxd4 11. Ne4 e6 12. a3 Nd5 13. g4 Bg6 14. f4 f6 15. f5 Bf7 16. fxe6 Bxe6 17. Qe2 Qd7 18. Re1 Kf7 19. Qf2 Bxg4 20. Qxd4 Nb6 21. Qf2 Rc8 22. Be3 Be7 23. Ng5+ Kg6 24. Nf3 Kf7 25. Ne5+ 1-0

[Event "CZE-chTV 0102"]
[Site "Czech Republic"]
[Date "2002.??.??"]
[Round "2"]
[White "Senkyr, Vladimir"]
[Black "Chura, Jan"]
[Result "0-1"]
[WhiteElo "2259"]
[BlackElo "2207"]
[PlyCount "64"]
[EventDate "2001.??.??"]
[EventType "team"]
[EventRounds "11"]
[EventCountry "CZE"]
[SourceTitle "EXT 2003"]
[Source "ChessBase"]
[SourceDate "2002.11.25"]
[SourceVersion "1"]
[SourceVersionDate "2002.11.25"]
[SourceQuality "1"]
[WhiteTeam "Polabiny"]
[BlackTeam "Bohemians II"]
[WhiteTeamCountry "CZE"]
[BlackTeamCountry "CZE"]

1. d4 d5 2. c4 c6 3. e3 Nf6 4. Nf3 e6 5. Bd3 dxc4 6. Bxc4 c5 7. 0-0 Nc6 8. Qe2 cxd4 9. Rd1 Be7 10. Nxd4 Nxd4 11. Rxd4 Bd7 12. Bb5 Qc7 13. Nc3 0-0 14. e4 Bxb5 15. Qxb5 Bc5 16. Rd2 Ng4 17. g3 Rad8 18. Re2 a6 19. Qb3 Rd3 20. Bf4 e5 21. Bd2 Nxf2 22. Kg2 Qd7 23. Rxf2 Bxf2 24. Bg5 Qg4 25. Kxf2 Qxg5 26. Qc4 Qe3+ 27. Kf1 Qf3+ 28. Ke1 Re3+ 29. Ne2 Rxe4 30. Qc2 Rd8 31. Rc1 Qg2 32. Qd3 Qg1+ 0-1